Auditing and assurance services : (Record no. 18390)
[ view plain ]
| 000 -LEADER | |
|---|---|
| fixed length control field | 01334nam a22003257a 4500 |
| 005 - DATE AND TIME OF LATEST TRANSACTION | |
| control field | 20201128021059.0 |
| 006 - FIXED-LENGTH DATA ELEMENTS--ADDITIONAL MATERIAL CHARACTERISTICS--GENERAL INFORMATION | |
| fixed length control field | m||||f ||z 00| 0 |
| 008 - FIXED-LENGTH DATA ELEMENTS--GENERAL INFORMATION | |
| fixed length control field | 140918t2014 xxka fr 001 0 eng d |
| 020 ## - INTERNATIONAL STANDARD BOOK NUMBER | |
| International Standard Book Number | 9780273790006 |
| 020 ## - INTERNATIONAL STANDARD BOOK NUMBER | |
| International Standard Book Number | 0273790005 |
| 040 ## - CATALOGING SOURCE | |
| Original cataloging agency | EG-ScBUE |
| 082 00 - DEWEY DECIMAL CLASSIFICATION NUMBER | |
| Edition number | 22 |
| Classification number | 657.45 |
| Item number | ARE |
| 100 1# - MAIN ENTRY--PERSONAL NAME | |
| Personal name | Arens, Alvin A. |
| 9 (RLIN) | 1181 |
| 245 10 - TITLE STATEMENT | |
| Title | Auditing and assurance services : |
| Remainder of title | an integrated approach / |
| Statement of responsibility, etc | Alvin A. Arens, Randal J. Elder, Mark S. Beasley ; contributing author Chris Hogan. |
| 250 ## - EDITION STATEMENT | |
| Edition statement | 15th ed., |
| Remainder of edition statement | global ed. |
| 260 ## - PUBLICATION, DISTRIBUTION, ETC. (IMPRINT) | |
| Place of publication, distribution, etc | Harlow, United Kingdom : |
| Name of publisher, distributor, etc | Pearson education Limited, |
| Date of publication, distribution, etc | c.2014 |
| Place of manufacture | ([Washington] : |
| Manufacturer | Courier / Kendallville) |
| 300 ## - PHYSICAL DESCRIPTION | |
| Extent | 862 p. : |
| Other physical details | ill. (col.) ; |
| Dimensions | 28 cm. + |
| Accompanying material | CD-ROM (4 3/4 in.) |
| 490 0# - Series Statement | |
| Series statement | Always learning |
| 500 ## - GENERAL NOTE | |
| General note | Includes appendix. |
| 500 ## - GENERAL NOTE | |
| General note | Index : p. 855-862. |
| 500 ## - GENERAL NOTE | |
| General note | Includes coverage of international standers and global auditing issues, in addition to coverage of the AICPA clarity project, PCAOB auditing standers, the standards-oxley Act, and section 404 audits. |
| 650 #0 - SUBJECT ADDED ENTRY--TOPICAL TERM | |
| Topical term or geographic name as entry element | Auditing |
| 9 (RLIN) | 1182 |
| Source of heading or term | BUEsh |
| 651 ## - SUBJECT ADDED ENTRY--GEOGRAPHIC NAME | |
| Source of heading or term | BUEsh |
| 653 ## - INDEX TERM--UNCONTROLLED | |
| Resource For college | BAEPS, Business Administration |
| Arrived date list | September2014 |
| -- | November2014 |
| 655 ## - INDEX TERM--GENRE/FORM | |
| Form subdivision | Text book |
| -- | 33728 |
| 700 1# - ADDED ENTRY--PERSONAL NAME | |
| Personal name | Elder, Randal J. |
| 9 (RLIN) | 1184 |
| 700 1# - ADDED ENTRY--PERSONAL NAME | |
| Personal name | Beasley, Mark S. |
| 9 (RLIN) | 1183 |
| 700 1# - ADDED ENTRY--PERSONAL NAME | |
| Personal name | Hogan, Chris |
| Relator term | contributor. |
| 9 (RLIN) | 36084 |
| 942 ## - ADDED ENTRY ELEMENTS (KOHA) | |
| Source of classification or shelving scheme | Dewey Decimal Classification |
| Call number prefix | 657.45 ARE |
| Withdrawn status | Item status | Source of classification or shelving scheme | Damaged status | Not for loan | Vendor | Home library | Current library | Shelving location | Date acquired | Source of acquisition | Total Checkouts | Full call number | Barcode | Date last seen | Koha item type | Total Renewals | Date last borrowed | Cost, normal purchase price | Serial Enumeration / chronology | Cost, replacement price |
|---|---|---|---|---|---|---|---|---|---|---|---|---|---|---|---|---|---|---|---|---|
| Dewey Decimal Classification | Baccah | Central Library | Central Library | First floor | 18/09/2014 | Purchase | 657.45 ARE | 000036181 | 15/07/2025 | NB - Book (Non borrowing) | ||||||||||
| Dewey Decimal Classification | Baccah | Central Library | Central Library | First floor | 18/09/2014 | Purchase | 6 | 657.45 ARE | 000036182 | 15/07/2025 | Book - Borrowing | 29 | 11/10/2018 | |||||||
| Dewey Decimal Classification | Baccah | Central Library | Central Library | First floor | 18/09/2014 | Purchase | 6 | 657.45 ARE | 000036183 | 15/07/2025 | Book - Borrowing | 40 | 30/10/2019 | |||||||
| Dewey Decimal Classification | Baccah | Central Library | Central Library | First floor | 18/09/2014 | Purchase | 5 | 657.45 ARE | 000036184 | 15/07/2025 | Book - Borrowing | 28 | 15/01/2020 | |||||||
| Dewey Decimal Classification | Baccah | Central Library | Central Library | First floor | 18/09/2014 | Purchase | 7 | 657.45 ARE | 000036185 | 15/07/2025 | Book - Borrowing | 72 | 12/10/2019 | |||||||
| Dewey Decimal Classification | Baccah | Central Library | Central Library | First floor | 18/09/2014 | Purchase | 2 | 657.45 ARE | 000036186 | 15/07/2025 | Book - Borrowing | 5 | 14/09/2015 | |||||||
| Dewey Decimal Classification | Baccah | Central Library | Central Library | First floor | 18/09/2014 | Purchase | 657.45 ARE | 000036187 | 24/08/2022 | CD | DVD - With book | ||||||||||
| Dewey Decimal Classification | Baccah | Central Library | Central Library | First floor | 18/09/2014 | Purchase | 657.45 ARE | 000036188 | 24/08/2022 | CD | DVD - With book | ||||||||||
| Dewey Decimal Classification | Baccah | Central Library | Central Library | First floor | 18/09/2014 | Purchase | 657.45 ARE | 000036189 | 24/08/2022 | CD | DVD - With book (NB) | ||||||||||
| Dewey Decimal Classification | Baccah | Central Library | Central Library | First floor | 18/09/2014 | Purchase | 657.45 ARE | 000036190 | 24/08/2022 | CD | DVD - With book | ||||||||||
| Dewey Decimal Classification | Baccah | Central Library | Central Library | First floor | 18/09/2014 | Purchase | 657.45 ARE | 000036191 | 24/08/2022 | CD | DVD - With book | ||||||||||
| Dewey Decimal Classification | Baccah | Central Library | Central Library | First floor | 18/09/2014 | Purchase | 657.45 ARE | 000036192 | 24/08/2022 | CD | DVD - With book | ||||||||||
| Dewey Decimal Classification | Baccah | Central Library | Central Library | First floor | 06/11/2014 | 8 | 657.45 ARE | 000036956 | 15/07/2025 | Book - Borrowing | 61 | 16/10/2019 | 264.00 | 20677 | 330.00 | |||||
| Dewey Decimal Classification | Baccah | Central Library | Central Library | First floor | 06/11/2014 | 657.45 ARE | 000036957 | 24/08/2022 | CD | DVD - With book | 264.00 | 20677 | 330.00 |